| 000 | 00614nam 22001933 4500 | ||
|---|---|---|---|
| 001 | 201876 | ||
| 021 |
_aPT _b13613 |
||
| 090 | _a201876 | ||
| 100 | _a20260421d u||y0pory50 ba | ||
| 200 |
_aRomantismo : da mentalidade à criação artística _fInstituto de Sintra |
||
| 210 |
_aSintra _cInstituto de Sintra _d1986 |
||
| 215 |
_a408, [2] p. _cbrochado _d24 cm |
||
| 300 | _aI Congresso Internacional de Sintra sobre o Romantismo | ||
| 606 |
_93661 _aCrítica Literária.Estudos Literários |
||
| 675 |
_a82.09 _vPT _zpor |
||
| 710 |
_912739 _aInstituto de Sintra |
||
| 801 |
_aPT _bBMMN _gRPC |
||
| 830 | _cVanda | ||
| 990 | _cLIVROS | ||